Can You Guess These US Birds? - Statistics

General Stats
  • This quiz has been taken 19 times
  • The average score is 8 of 15
Answer Stats
Picture Answer % Correct
Blue Jay
93%
Northern Cardinal
93%
American Robin
86%
Greater Roadrunner
86%
Black-Billed Magpie
64%
Carolina Wren
57%
American Goldfinch
50%
Mountain Bluebird
50%
Mourning Dove
43%
Pileated Woodpecker
43%
Red Headed Woodpecker
43%
Ruby-Throated Hummingbird
43%
Painted Bunting
36%
Purple Finch
29%
Steller's Jay
29%
No matching quizzes found
Score Distribution
Percent of People with Each Score
Percentile by Number Answered
Your Score History
You have not taken this quiz